000 00498nam a22001697a 4500
005 20251108164701.0
008 250721s9999 xx 000 0 ara d
082 1 4 _aم/811.1/لبي
100 1 _aلبيد بن ربيعة العامري،
245 1 0 _aديوان لبيد بن ربيعة العامري /
264 1 _aبيروت :
_bدار صادر،
300 _a247 ص
650 1 7 _aالشعر العربي
650 1 7 _aالعصر الجاهلي
942 _2ddc
_cREF
999 _c11761
_d11761